[Event "Rapid Tournament (RAP)"]
[Site "Biel, CH"]
[Date "2025.07.13"]
[Round "3"]
[White "Rahimi, Hamid"]
[Black "Chen, Muxi"]
[Result "0-1"]
[Board "32"]
[WhiteFideId "1344838"]
[BlackFideId "8626073"]
[WhiteElo "1795"]
[BlackElo "1979"]
[WhiteTeam "SUI"]
[BlackTeam "CHN"]
[WhiteClock "0:03:25"]
[BlackClock "0:06:56"]
[Variant "Standard"]

1. d4 {[%clk 0:15:08]}  d5 {[%clk 0:15:09]} 2. c4 {[%clk 0:15:12]}  c6 {[%clk 0:15:13]} 3. Nc3 {[%clk 0:15:16]}  Nf6 {[%clk 0:15:17]} 4. Bg5 {[%clk 0:15:13]}  Bf5 {[%clk 0:14:49]} 5. Bxf6 {[%clk 0:14:44]}  exf6 {[%clk 0:14:53]} 6. cxd5 {[%clk 0:14:46]}  Bb4 {[%clk 0:14:48]} 7. e3 {[%clk 0:14:29]}  O-O {[%clk 0:14:29]} 8. Bd3 {[%clk 0:14:22]}  Qxd5 {[%clk 0:13:36]} 9. Bxf5 {[%clk 0:14:19]}  Qxf5 {[%clk 0:13:37]} 10. Nf3 {[%clk 0:14:06]}  Bxc3+ {[%clk 0:13:01]} 11. bxc3 {[%clk 0:14:10]}  Nd7 {[%clk 0:13:00]} 12. O-O {[%clk 0:14:11]}  Nb6 {[%clk 0:13:04]} 13. Re1 {[%clk 0:14:07]}  Rfe8 {[%clk 0:13:02]} 14. Qb3 {[%clk 0:14:01]}  Qd5 {[%clk 0:12:58]} 15. Rab1 {[%clk 0:12:58]}  Re7 {[%clk 0:12:36]} 16. a4 {[%clk 0:12:24]}  Nc4 {[%clk 0:12:22]} 17. h3 {[%clk 0:11:12]}  f5 {[%clk 0:12:04]} 18. Red1 {[%clk 0:10:43]}  Rd8 {[%clk 0:10:50]} 19. Qb4 {[%clk 0:10:36]}  Rde8 {[%clk 0:10:09]} 20. Qb3 {[%clk 0:09:58]}  g6 {[%clk 0:09:19]} 21. Rbc1 {[%clk 0:09:36]}  b6 {[%clk 0:08:51]} 22. Qb1 {[%clk 0:06:59]}  Kg7 {[%clk 0:08:07]} 23. Nd2 {[%clk 0:06:50]}  Nxd2 {[%clk 0:07:48]} 24. Rxd2 {[%clk 0:06:54]}  b5 {[%clk 0:07:51]} 25. axb5 {[%clk 0:06:53]}  cxb5 {[%clk 0:07:55]} 26. Qb4 {[%clk 0:06:47]}  Rc7 {[%clk 0:07:32]} 27. Rb1 {[%clk 0:06:24]}  a6 {[%clk 0:07:25]} 28. Rc2 {[%clk 0:06:08]}  Rec8 {[%clk 0:07:21]} 29. Rbc1 {[%clk 0:06:12]}  Ra7 {[%clk 0:07:13]} 30. Qa5 {[%clk 0:06:04]}  Rc4 {[%clk 0:06:59]} 31. Qb6 {[%clk 0:05:23]}  Rb7 {[%clk 0:07:02]} 32. Qxa6 {[%clk 0:05:13]}  Ra4 {[%clk 0:06:58]} 33. c4 {[%clk 0:03:25]}  Qd6 {[%clk 0:06:56]} 0-1

[Event "Rapid Tournament (RAP)"]
[Site "Biel, CH"]
[Date "2025.07.13"]
[Round "3"]
[White "Aznar, Benjamin"]
[Black "Wiesmann, Dominique"]
[Result "0-1"]
[Board "33"]
[WhiteFideId "1351303"]
[BlackFideId "1308262"]
[WhiteElo "1790"]
[BlackElo "1978"]
[WhiteTeam "SUI"]
[BlackTeam "SUI"]
[WhiteClock "0:01:40"]
[BlackClock "0:04:18"]
[Variant "Standard"]

1. c4 {[%clk 0:15:07]}  e5 {[%clk 0:15:07]} 2. Nc3 {[%clk 0:15:11]}  Nf6 {[%clk 0:15:10]} 3. g3 {[%clk 0:15:14]}  c6 {[%clk 0:15:14]} 4. e4 {[%clk 0:15:17]}  d5 {[%clk 0:14:57]} 5. cxd5 {[%clk 0:15:12]}  cxd5 {[%clk 0:15:01]} 6. exd5 {[%clk 0:15:15]}  Nxd5 {[%clk 0:15:05]} 7. Bg2 {[%clk 0:15:18]}  Nxc3 {[%clk 0:14:21]} 8. bxc3 {[%clk 0:15:01]}  Nc6 {[%clk 0:13:28]} 9. Ne2 {[%clk 0:13:26]}  Bc5 {[%clk 0:13:14]} 10. O-O {[%clk 0:13:21]}  O-O {[%clk 0:13:18]} 11. d3 {[%clk 0:12:32]}  Bg4 {[%clk 0:12:56]} 12. Qc2 {[%clk 0:11:23]}  Rc8 {[%clk 0:12:29]} 13. c4 {[%clk 0:10:15]}  Nb4 {[%clk 0:10:28]} 14. Qd2 {[%clk 0:09:18]}  Qxd3 {[%clk 0:10:38]} 15. Nc3 {[%clk 0:08:31]}  Qxc4 {[%clk 0:07:33]} 16. Ne4 {[%clk 0:05:09]}  Be7 {[%clk 0:07:22]} 17. Nd6 {[%clk 0:04:07]}  Bxd6 {[%clk 0:07:16]} 18. Qxd6 {[%clk 0:04:11]}  Nc6 {[%clk 0:05:12]} 19. Be3 {[%clk 0:03:32]}  Rfd8 {[%clk 0:05:04]} 20. Qa3 {[%clk 0:03:35]}  e4 {[%clk 0:03:59]} 21. Rac1 {[%clk 0:03:07]}  Qe6 {[%clk 0:04:32]} 22. Rc4 {[%clk 0:01:40]}  Qxc4 {[%clk 0:04:18]} 0-1

[Event "Rapid Tournament (RAP)"]
[Site "Biel, CH"]
[Date "2025.07.13"]
[Round "3"]
[White "Binggeli, Christian"]
[Black "Grzeskowiak, Antoni"]
[Result "1-0"]
[Board "34"]
[WhiteFideId "1307622"]
[BlackFideId "41855531"]
[WhiteElo "1963"]
[BlackElo "1801"]
[WhiteTeam "SUI"]
[BlackTeam "POL"]
[WhiteClock "0:02:21"]
[BlackClock "0:01:18"]
[Variant "Standard"]

1. d4 {[%clk 0:15:08]}  d6 {[%clk 0:15:09]} 2. Bg5 {[%clk 0:14:52]}  Nf6 {[%clk 0:15:07]} 3. Bxf6 {[%clk 0:14:48]}  exf6 {[%clk 0:15:09]} 4. e3 {[%clk 0:14:14]}  g6 {[%clk 0:15:11]} 5. Bd3 {[%clk 0:13:55]}  Bg7 {[%clk 0:15:14]} 6. Nd2 {[%clk 0:13:03]}  O-O {[%clk 0:15:15]} 7. h4 {[%clk 0:13:02]}  h5 {[%clk 0:14:34]} 8. Nh3 {[%clk 0:12:59]}  c5 {[%clk 0:14:31]} 9. c3 {[%clk 0:12:41]}  Nc6 {[%clk 0:14:28]} 10. Nf4 {[%clk 0:09:12]}  f5 {[%clk 0:13:54]} 11. Qb3 {[%clk 0:08:57]}  Kh7 {[%clk 0:12:51]} 12. O-O-O {[%clk 0:08:36]}  cxd4 {[%clk 0:11:44]} 13. exd4 {[%clk 0:08:23]}  Bd7 {[%clk 0:11:26]} 14. Nf3 {[%clk 0:07:42]}  Na5 {[%clk 0:10:00]} 15. Qa3 {[%clk 0:07:18]}  Bc6 {[%clk 0:09:27]} 16. Ng5+ {[%clk 0:07:11]}  Kg8 {[%clk 0:09:27]} 17. d5 {[%clk 0:06:37]}  Be8 {[%clk 0:09:03]} 18. Kb1 {[%clk 0:05:51]}  Rc8 {[%clk 0:08:56]} 19. Qb4 {[%clk 0:05:23]}  b5 {[%clk 0:08:40]} 20. f3 {[%clk 0:04:52]}  Nc4 {[%clk 0:08:36]} 21. g4 {[%clk 0:04:40]}  fxg4 {[%clk 0:07:41]} 22. fxg4 {[%clk 0:04:43]}  Ne3 {[%clk 0:07:28]} 23. gxh5 {[%clk 0:04:05]}  Nxd1 {[%clk 0:07:28]} 24. Rxd1 {[%clk 0:04:08]}  Qf6 {[%clk 0:06:39]} 25. hxg6 {[%clk 0:03:49]}  fxg6 {[%clk 0:06:39]} 26. Nfe6 {[%clk 0:02:10]}  Qf2 {[%clk 0:04:49]} 27. Nxf8 {[%clk 0:03:05]}  Bxf8 {[%clk 0:04:51]} 28. Ne6 {[%clk 0:02:54]}  Be7 {[%clk 0:04:44]} 29. Qg4 {[%clk 0:02:45]}  Qxh4 {[%clk 0:04:41]} 30. Qg2 {[%clk 0:02:37]}  Qf6 {[%clk 0:03:35]} 31. Rf1 {[%clk 0:02:19]}  Qh4 {[%clk 0:02:01]} 32. Bxg6 {[%clk 0:02:15]}  Bxg6+ {[%clk 0:01:15]} 33. Qxg6+ {[%clk 0:02:19]}  Kh8 {[%clk 0:01:18]} 34. Qg7# {[%clk 0:02:21]} 1-0

[Event "Rapid Tournament (RAP)"]
[Site "Biel, CH"]
[Date "2025.07.13"]
[Round "3"]
[White "Dubel, Nathan"]
[Black "Yu, Tianxiang Carlos"]
[Result "0-1"]
[Board "35"]
[WhiteFideId "1359410"]
[BlackFideId "39922723"]
[WhiteElo "1778"]
[BlackElo "1962"]
[WhiteTeam "SUI"]
[BlackTeam "USA"]
[WhiteClock "0:01:57"]
[BlackClock "0:09:39"]
[Variant "Standard"]

1. d4 {[%clk 0:15:09]}  Nf6 {[%clk 0:15:09]} 2. c4 {[%clk 0:15:12]}  g6 {[%clk 0:15:13]} 3. Nc3 {[%clk 0:15:15]}  Bg7 {[%clk 0:15:17]} 4. e4 {[%clk 0:15:13]}  d6 {[%clk 0:15:21]} 5. Be3 {[%clk 0:15:02]}  O-O {[%clk 0:15:24]} 6. Nf3 {[%clk 0:15:04]}  e5 {[%clk 0:15:17]} 7. d5 {[%clk 0:14:59]}  a5 {[%clk 0:15:11]} 8. Be2 {[%clk 0:14:48]}  Na6 {[%clk 0:15:14]} 9. O-O {[%clk 0:14:33]}  Ng4 {[%clk 0:15:16]} 10. Qd2 {[%clk 0:14:25]}  Nxe3 {[%clk 0:15:18]} 11. Qxe3 {[%clk 0:14:17]}  f5 {[%clk 0:15:04]} 12. exf5 {[%clk 0:12:37]}  gxf5 {[%clk 0:15:03]} 13. Ng5 {[%clk 0:11:14]}  f4 {[%clk 0:14:19]} 14. Qf3 {[%clk 0:09:58]}  Qxg5 {[%clk 0:14:22]} 15. Ne4 {[%clk 0:10:01]}  Qg6 {[%clk 0:14:18]} 16. h3 {[%clk 0:07:54]}  Bf5 {[%clk 0:13:55]} 17. Bd3 {[%clk 0:08:51]}  Nc5 {[%clk 0:11:59]} 18. Nxc5 {[%clk 0:07:35]}  dxc5 {[%clk 0:10:39]} 19. Bxf5 {[%clk 0:08:06]}  Qxf5 {[%clk 0:10:42]} 20. Qb3 {[%clk 0:07:55]}  b6 {[%clk 0:10:31]} 21. Rad1 {[%clk 0:07:53]}  Rad8 {[%clk 0:10:28]} 22. Rd2 {[%clk 0:07:29]}  e4 {[%clk 0:10:28]} 23. Rfd1 {[%clk 0:07:30]}  Bd4 {[%clk 0:10:32]} 24. Re1 {[%clk 0:05:26]}  e3 {[%clk 0:08:53]} 25. fxe3 {[%clk 0:03:56]}  Bxe3+ {[%clk 0:09:50]} 26. Rxe3 {[%clk 0:04:00]}  fxe3 {[%clk 0:09:54]} 27. Qxe3 {[%clk 0:04:04]}  Qf1+ {[%clk 0:09:51]} 28. Kh2 {[%clk 0:04:04]}  Qf4+ {[%clk 0:09:55]} 29. Qxf4 {[%clk 0:04:08]}  Rxf4 {[%clk 0:09:58]} 30. Re2 {[%clk 0:04:00]}  Rdf8 {[%clk 0:09:47]} 31. b3 {[%clk 0:03:41]}  Rf2 {[%clk 0:09:50]} 32. Re7 {[%clk 0:03:45]}  R8f7 {[%clk 0:09:54]} 33. Re6 {[%clk 0:03:07]}  Rxa2 {[%clk 0:09:57]} 34. d6 {[%clk 0:03:10]}  cxd6 {[%clk 0:09:50]} 35. Rxd6 {[%clk 0:03:12]}  a4 {[%clk 0:09:34]} 36. Rxb6 {[%clk 0:02:52]}  axb3 {[%clk 0:09:38]} 37. Rxb3 {[%clk 0:02:53]}  Ra4 {[%clk 0:09:42]} 38. Rg3+ {[%clk 0:02:45]}  Kf8 {[%clk 0:09:45]} 39. Rg4 {[%clk 0:02:44]}  Rd7 {[%clk 0:09:15]} 40. Rf4+ {[%clk 0:02:40]}  Kg8 {[%clk 0:09:18]} 41. Kg3 {[%clk 0:02:06]}  Rd4 {[%clk 0:09:22]} 42. Rxd4 {[%clk 0:02:10]}  cxd4 {[%clk 0:09:25]} 43. Kf4 {[%clk 0:02:09]}  Rxc4 {[%clk 0:09:29]} 44. Ke4 {[%clk 0:02:10]}  Kg7 {[%clk 0:09:29]} 45. g4 {[%clk 0:02:11]}  Kg6 {[%clk 0:09:32]} 46. h4 {[%clk 0:02:12]}  Ra4 {[%clk 0:09:33]} 47. Kd3 {[%clk 0:01:59]}  h6 {[%clk 0:09:34]} 48. Ke4 {[%clk 0:02:00]}  d3+ {[%clk 0:09:35]} 49. Kxd3 {[%clk 0:01:57]}  Rxg4 {[%clk 0:09:39]} 0-1

[Event "Rapid Tournament (RAP)"]
[Site "Biel, CH"]
[Date "2025.07.13"]
[Round "3"]
[White "Avaria, Diego"]
[Black "Bachmann, Daniel"]
[Result "0-1"]
[Board "36"]
[WhiteFideId "1335723"]
[BlackFideId "1357492"]
[WhiteElo "1958"]
[BlackElo "1798"]
[WhiteTeam "SUI"]
[BlackTeam "SUI"]
[WhiteClock "0:00:42"]
[BlackClock "0:02:36"]
[Variant "Standard"]

1. e4 {[%clk 0:15:09]}  e6 {[%clk 0:15:07]} 2. d4 {[%clk 0:15:12]}  d5 {[%clk 0:15:10]} 3. exd5 {[%clk 0:15:15]}  exd5 {[%clk 0:15:14]} 4. Bd3 {[%clk 0:15:17]}  Bd6 {[%clk 0:15:19]} 5. h3 {[%clk 0:15:13]}  Ne7 {[%clk 0:15:17]} 6. Nf3 {[%clk 0:15:14]}  Bf5 {[%clk 0:15:20]} 7. O-O {[%clk 0:15:15]}  Nbc6 {[%clk 0:15:23]} 8. c3 {[%clk 0:15:17]}  Qd7 {[%clk 0:15:27]} 9. Be3 {[%clk 0:14:59]}  O-O-O {[%clk 0:15:20]} 10. b4 {[%clk 0:14:32]}  Bxd3 {[%clk 0:15:07]} 11. Qxd3 {[%clk 0:14:34]}  Nf5 {[%clk 0:15:05]} 12. b5 {[%clk 0:13:53]}  Na5 {[%clk 0:14:58]} 13. Nbd2 {[%clk 0:13:45]}  f6 {[%clk 0:13:24]} 14. a4 {[%clk 0:11:45]}  g5 {[%clk 0:13:23]} 15. c4 {[%clk 0:11:06]}  dxc4 {[%clk 0:12:42]} 16. Nxc4 {[%clk 0:11:05]}  Nxc4 {[%clk 0:12:25]} 17. Qxc4 {[%clk 0:11:08]}  h5 {[%clk 0:12:04]} 18. d5 {[%clk 0:08:54]}  Nxe3 {[%clk 0:11:41]} 19. fxe3 {[%clk 0:08:57]}  g4 {[%clk 0:11:43]} 20. Nd4 {[%clk 0:06:30]}  gxh3 {[%clk 0:11:24]} 21. Ne6 {[%clk 0:06:23]}  Rdg8 {[%clk 0:11:19]} 22. Ra2 {[%clk 0:05:17]}  Rg4 {[%clk 0:10:56]} 23. e4 {[%clk 0:04:19]}  Rhg8 {[%clk 0:10:53]} 24. Rff2 {[%clk 0:04:13]}  h2+ {[%clk 0:10:35]} 25. Kh1 {[%clk 0:04:09]}  h4 {[%clk 0:10:39]} 26. Rac2 {[%clk 0:03:58]}  h3 {[%clk 0:10:42]} 27. Qf1 {[%clk 0:02:18]}  Qh7 {[%clk 0:09:54]} 28. Nxc7 {[%clk 0:01:58]}  hxg2+ {[%clk 0:06:17]} 29. Rxg2 {[%clk 0:02:00]}  Rxg2 {[%clk 0:06:17]} 30. Rxg2 {[%clk 0:01:34]}  Rxg2 {[%clk 0:05:30]} 31. Qxg2 {[%clk 0:01:38]}  Bxc7 {[%clk 0:05:29]} 32. Qg4+ {[%clk 0:01:35]}  f5 {[%clk 0:04:55]} 33. exf5 {[%clk 0:01:32]}  Kb8 {[%clk 0:03:24]} 34. Qe4 {[%clk 0:01:31]}  Qg8 {[%clk 0:02:55]} 35. Qg2 {[%clk 0:00:42]}  Qe8 {[%clk 0:02:36]} 0-1

[Event "Rapid Tournament (RAP)"]
[Site "Biel, CH"]
[Date "2025.07.13"]
[Round "3"]
[White "Wuerth, Thomas"]
[Black "Mueller, Konstantin"]
[Result "0-1"]
[Board "37"]
[WhiteFideId "1305379"]
[BlackFideId "34661778"]
[WhiteElo "1954"]
[BlackElo "1798"]
[WhiteTeam "SUI"]
[BlackTeam "GER"]
[WhiteClock "0:05:46"]
[BlackClock "0:05:11"]
[Variant "Standard"]

1. e4 {[%clk 0:15:06]}  c5 {[%clk 0:15:10]} 2. c3 {[%clk 0:15:08]}  Nf6 {[%clk 0:15:14]} 3. e5 {[%clk 0:15:11]}  Nd5 {[%clk 0:15:18]} 4. Nf3 {[%clk 0:15:14]}  Nc6 {[%clk 0:15:21]} 5. Bc4 {[%clk 0:15:18]}  Nb6 {[%clk 0:15:24]} 6. Bb3 {[%clk 0:15:22]}  d6 {[%clk 0:15:14]} 7. exd6 {[%clk 0:14:27]}  Qxd6 {[%clk 0:15:18]} 8. O-O {[%clk 0:14:29]}  Be6 {[%clk 0:14:41]} 9. d4 {[%clk 0:13:15]}  Bxb3 {[%clk 0:14:19]} 10. Qxb3 {[%clk 0:13:19]}  cxd4 {[%clk 0:14:21]} 11. cxd4 {[%clk 0:13:23]}  e6 {[%clk 0:14:20]} 12. Nc3 {[%clk 0:13:01]}  Be7 {[%clk 0:12:57]} 13. Nb5 {[%clk 0:11:42]}  Qd7 {[%clk 0:14:05]} 14. Bf4 {[%clk 0:10:15]}  O-O {[%clk 0:13:59]} 15. Rad1 {[%clk 0:10:13]}  Na5 {[%clk 0:13:03]} 16. Ne5 {[%clk 0:09:00]}  Nxb3 {[%clk 0:10:34]} 17. Nxd7 {[%clk 0:09:04]}  Nxd7 {[%clk 0:10:37]} 18. axb3 {[%clk 0:09:08]}  Nb6 {[%clk 0:10:35]} 19. Rc1 {[%clk 0:08:51]}  Nd5 {[%clk 0:09:59]} 20. Bg3 {[%clk 0:08:37]}  Rfd8 {[%clk 0:09:53]} 21. Nc7 {[%clk 0:08:46]}  Rac8 {[%clk 0:09:26]} 22. Rc2 {[%clk 0:07:36]}  Nxc7 {[%clk 0:09:00]} 23. Rfc1 {[%clk 0:06:57]}  Rxd4 {[%clk 0:08:40]} 24. h3 {[%clk 0:07:02]}  Rd7 {[%clk 0:07:03]} 25. Kf1 {[%clk 0:06:34]}  Bd8 {[%clk 0:06:56]} 26. Ke2 {[%clk 0:06:19]}  f6 {[%clk 0:06:12]} 27. Ra1 {[%clk 0:05:49]}  a6 {[%clk 0:05:56]} 28. Rac1 {[%clk 0:05:51]}  Kf7 {[%clk 0:05:56]} 29. f4 {[%clk 0:05:55]}  Be7 {[%clk 0:05:45]} 30. Bf2 {[%clk 0:05:46]}  Bd6 {[%clk 0:05:27]} 31. g3 {[%clk 0:05:46]}  Re8 {[%clk 0:05:11]} 0-1

[Event "Rapid Tournament (RAP)"]
[Site "Biel, CH"]
[Date "2025.07.13"]
[Round "3"]
[White "Boillat, Maxime"]
[Black "Wilhelm, Serge"]
[Result "1/2-1/2"]
[Board "38"]
[WhiteFideId "1344188"]
[BlackFideId "1305808"]
[WhiteElo "1774"]
[BlackElo "1947"]
[WhiteTeam "SUI"]
[BlackTeam "SUI"]
[WhiteClock "0:01:32"]
[BlackClock "0:02:45"]
[Variant "Standard"]

1. e4 {[%clk 0:15:07]}  c6 {[%clk 0:15:09]} 2. d4 {[%clk 0:15:11]}  d5 {[%clk 0:15:12]} 3. e5 {[%clk 0:15:14]}  Bf5 {[%clk 0:15:15]} 4. h4 {[%clk 0:15:18]}  h5 {[%clk 0:15:16]} 5. Bd3 {[%clk 0:15:21]}  Bxd3 {[%clk 0:15:15]} 6. Qxd3 {[%clk 0:15:24]}  e6 {[%clk 0:15:16]} 7. Nf3 {[%clk 0:15:27]}  Qa5+ {[%clk 0:15:11]} 8. Nbd2 {[%clk 0:15:02]}  Qa6 {[%clk 0:15:14]} 9. c4 {[%clk 0:14:58]}  Bb4 {[%clk 0:14:42]} 10. O-O {[%clk 0:14:48]}  Nd7 {[%clk 0:14:35]} 11. Qb3 {[%clk 0:13:45]}  Bxd2 {[%clk 0:14:25]} 12. Nxd2 {[%clk 0:13:48]}  Ne7 {[%clk 0:14:24]} 13. cxd5 {[%clk 0:13:02]}  cxd5 {[%clk 0:14:15]} 14. Nf3 {[%clk 0:12:58]}  O-O {[%clk 0:13:50]} 15. Bd2 {[%clk 0:12:46]}  Rfc8 {[%clk 0:12:37]} 16. Rac1 {[%clk 0:12:40]}  Nb6 {[%clk 0:11:39]} 17. Ng5 {[%clk 0:11:47]}  Nf5 {[%clk 0:11:06]} 18. Qf3 {[%clk 0:11:22]}  g6 {[%clk 0:11:02]} 19. a3 {[%clk 0:09:35]}  Rxc1 {[%clk 0:10:59]} 20. Rxc1 {[%clk 0:09:32]}  Rc8 {[%clk 0:11:03]} 21. g4 {[%clk 0:08:26]}  Rxc1+ {[%clk 0:10:44]} 22. Bxc1 {[%clk 0:08:30]}  hxg4 {[%clk 0:09:59]} 23. Qxg4 {[%clk 0:08:28]}  Qc4 {[%clk 0:09:44]} 24. Be3 {[%clk 0:07:51]}  Nxe3 {[%clk 0:08:52]} 25. fxe3 {[%clk 0:07:55]}  Qd3 {[%clk 0:08:50]} 26. Qf3 {[%clk 0:07:10]}  Qf5 {[%clk 0:08:30]} 27. b3 {[%clk 0:06:06]}  Qxf3 {[%clk 0:07:27]} 28. Nxf3 {[%clk 0:06:09]}  Nd7 {[%clk 0:07:20]} 29. Kf2 {[%clk 0:05:30]}  Nb8 {[%clk 0:07:21]} 30. Ke2 {[%clk 0:05:07]}  Nc6 {[%clk 0:07:22]} 31. Kd3 {[%clk 0:04:58]}  Kf8 {[%clk 0:07:17]} 32. e4 {[%clk 0:04:50]}  dxe4+ {[%clk 0:06:58]} 33. Kxe4 {[%clk 0:04:52]}  Ke7 {[%clk 0:06:44]} 34. d5 {[%clk 0:04:23]}  exd5+ {[%clk 0:06:26]} 35. Kxd5 {[%clk 0:04:27]}  Nb8 {[%clk 0:05:51]} 36. b4 {[%clk 0:03:56]}  Nd7 {[%clk 0:05:55]} 37. Ke4 {[%clk 0:02:52]}  Nb6 {[%clk 0:05:40]} 38. Kd4 {[%clk 0:02:27]}  Ke6 {[%clk 0:05:03]} 39. Ng5+ {[%clk 0:02:32]}  Ke7 {[%clk 0:05:07]} 40. Nf3 {[%clk 0:02:27]}  Nd7 {[%clk 0:04:33]} 41. Ke4 {[%clk 0:02:11]}  Nf8 {[%clk 0:04:28]} 42. Kd5 {[%clk 0:01:56]}  Ne6 {[%clk 0:04:27]} 43. Nd4 {[%clk 0:01:35]}  Nc7+ {[%clk 0:03:15]} 44. Ke4 {[%clk 0:01:32]}  a6 {[%clk 0:02:45]} 1/2-1/2

[Event "Rapid Tournament (RAP)"]
[Site "Biel, CH"]
[Date "2025.07.13"]
[Round "3"]
[White "Cordes, Jule"]
[Black "Dalay, Hakki Dogan"]
[Result "1/2-1/2"]
[Board "39"]
[WhiteFideId "1060708"]
[BlackFideId "1364782"]
[WhiteElo "1946"]
[BlackElo "1795"]
[WhiteTeam "NED"]
[BlackTeam "SUI"]
[WhiteClock "0:00:27"]
[BlackClock "0:01:06"]
[Variant "Standard"]

1. d4 {[%clk 0:15:07]}  d5 {[%clk 0:14:50]} 2. c4 {[%clk 0:15:11]}  c6 {[%clk 0:13:36]} 3. cxd5 {[%clk 0:14:53]}  cxd5 {[%clk 0:13:39]} 4. Bg5 {[%clk 0:14:57]}  Nc6 {[%clk 0:13:14]} 5. Nc3 {[%clk 0:15:00]}  Bf5 {[%clk 0:13:09]} 6. e4 {[%clk 0:14:25]}  Bxe4 {[%clk 0:11:51]} 7. Nxe4 {[%clk 0:13:25]}  dxe4 {[%clk 0:11:54]} 8. d5 {[%clk 0:12:50]}  Qa5+ {[%clk 0:11:49]} 9. Qd2 {[%clk 0:12:26]}  Qxd2+ {[%clk 0:10:29]} 10. Bxd2 {[%clk 0:10:03]}  Nd4 {[%clk 0:10:21]} 11. O-O-O {[%clk 0:09:31]}  Nf6 {[%clk 0:06:31]} 12. Bc3 {[%clk 0:09:06]}  Nf5 {[%clk 0:06:16]} 13. Bb5+ {[%clk 0:08:55]}  Nd7 {[%clk 0:05:57]} 14. Re1 {[%clk 0:07:52]}  Nd6 {[%clk 0:05:51]} 15. Ba4 {[%clk 0:07:55]}  b5 {[%clk 0:05:38]} 16. Bb3 {[%clk 0:07:42]}  Nc5 {[%clk 0:05:38]} 17. Bc2 {[%clk 0:07:33]}  O-O-O {[%clk 0:03:23]} 18. Bd4 {[%clk 0:07:08]}  Nd3+ {[%clk 0:03:07]} 19. Bxd3 {[%clk 0:07:09]}  exd3 {[%clk 0:03:10]} 20. Rd1 {[%clk 0:05:55]}  Nc4 {[%clk 0:02:12]} 21. Rxd3 {[%clk 0:04:55]}  Rxd5 {[%clk 0:02:15]} 22. Kc2 {[%clk 0:04:59]}  Kb7 {[%clk 0:01:20]} 23. Nf3 {[%clk 0:04:33]}  e5 {[%clk 0:01:47]} 24. Bc3 {[%clk 0:04:31]}  Rxd3 {[%clk 0:01:47]} 25. Kxd3 {[%clk 0:04:35]}  f6 {[%clk 0:01:28]} 26. b3 {[%clk 0:04:31]}  Nb6 {[%clk 0:01:29]} 27. Nh4 {[%clk 0:04:11]}  Bc5 {[%clk 0:01:33]} 28. Ke2 {[%clk 0:03:53]}  Nd5 {[%clk 0:01:32]} 29. Bd2 {[%clk 0:03:51]}  g6 {[%clk 0:01:26]} 30. Rc1 {[%clk 0:03:49]}  Rc8 {[%clk 0:01:26]} 31. Nf3 {[%clk 0:03:37]}  Rc6 {[%clk 0:01:23]} 32. Ne1 {[%clk 0:03:26]}  Bd4 {[%clk 0:01:13]} 33. Rxc6 {[%clk 0:02:58]}  Kxc6 {[%clk 0:01:17]} 34. Nd3 {[%clk 0:03:02]}  a5 {[%clk 0:01:04]} 35. h4 {[%clk 0:03:03]}  Bc3 {[%clk 0:00:51]} 36. Bc1 {[%clk 0:02:40]}  Nb4 {[%clk 0:00:55]} 37. Nxb4+ {[%clk 0:01:48]}  Bxb4 {[%clk 0:00:59]} 38. Kd3 {[%clk 0:01:52]}  Kd5 {[%clk 0:00:55]} 39. f3 {[%clk 0:01:32]}  Be1 {[%clk 0:00:52]} 40. h5 {[%clk 0:01:34]}  gxh5 {[%clk 0:00:35]} 41. Bh6 {[%clk 0:01:33]}  Bh4 {[%clk 0:00:33]} 42. f4 {[%clk 0:00:59]}  e4+ {[%clk 0:00:36]} 43. Ke3 {[%clk 0:01:03]}  f5 {[%clk 0:00:39]} 44. Bg7 {[%clk 0:00:56]}  Be1 {[%clk 0:00:42]} 45. Bf8 {[%clk 0:00:47]}  b4 {[%clk 0:00:46]} 46. Be7 {[%clk 0:00:44]}  Bc3 {[%clk 0:00:49]} 47. Bd8 {[%clk 0:00:46]}  Bd4+ {[%clk 0:00:52]} 48. Ke2 {[%clk 0:00:41]}  e3 {[%clk 0:00:53]} 49. Bxa5 {[%clk 0:00:45]}  Ke4 {[%clk 0:00:56]} 50. Bc7 {[%clk 0:00:33]}  Bc3 {[%clk 0:00:56]} 51. Bd6 {[%clk 0:00:30]}  Bd2 {[%clk 0:00:59]} 52. Bc7 {[%clk 0:00:29]}  Kd4 {[%clk 0:01:03]} 53. Be5+ {[%clk 0:00:31]}  Ke4 {[%clk 0:01:06]} 54. Bd6 {[%clk 0:00:29]}  h4 {[%clk 0:01:10]} 55. Bc7 {[%clk 0:00:18]}  Bc3 {[%clk 0:01:08]} 56. Bd6 {[%clk 0:00:22]}  Bg7 {[%clk 0:01:05]} 57. Bxb4 {[%clk 0:00:25]}  Bh6 {[%clk 0:01:09]} 58. Bd6 {[%clk 0:00:13]}  Bxf4 {[%clk 0:01:12]} 59. Bxf4 {[%clk 0:00:17]}  Kxf4 {[%clk 0:01:16]} 60. a4 {[%clk 0:00:12]}  h3 {[%clk 0:00:29]} 61. gxh3 {[%clk 0:00:15]}  Ke4 {[%clk 0:00:33]} 62. a5 {[%clk 0:00:16]}  f4 {[%clk 0:00:38]} 63. a6 {[%clk 0:00:19]}  f3+ {[%clk 0:00:42]} 64. Ke1 {[%clk 0:00:08]}  Kd3 {[%clk 0:00:43]} 65. a7 {[%clk 0:00:08]}  f2+ {[%clk 0:00:46]} 66. Kf1 {[%clk 0:00:12]}  e2+ {[%clk 0:00:49]} 67. Kxf2 {[%clk 0:00:14]}  Kd2 {[%clk 0:00:53]} 68. a8=Q {[%clk 0:00:09]}  e1=Q {[%clk 0:00:55]} 69. Kg2 {[%clk 0:00:13]}  Qe2 {[%clk 0:00:57]} 70. Kg3 {[%clk 0:00:15]}  Qd3+ {[%clk 0:00:57]} 71. Qf3 {[%clk 0:00:19]}  Qg6+ {[%clk 0:00:58]} 72. Kf2 {[%clk 0:00:18]}  Qb6 {[%clk 0:00:58]} 73. Kg2 {[%clk 0:00:17]}  Qg6 {[%clk 0:00:57]} 74. Kh2 {[%clk 0:00:13]}  Qd6 {[%clk 0:00:47]} 75. Qg3 {[%clk 0:00:17]}  Qxg3 {[%clk 0:00:28]} 76. Kxg3 {[%clk 0:00:21]}  Kc3 {[%clk 0:00:33]} 77. Kf4 {[%clk 0:00:13]}  Kxb3 {[%clk 0:00:36]} 78. h4 {[%clk 0:00:14]}  Kc4 {[%clk 0:00:40]} 79. h5 {[%clk 0:00:11]}  Kd5 {[%clk 0:00:43]} 80. Kf5 {[%clk 0:00:15]}  Kd6 {[%clk 0:00:44]} 81. Kf6 {[%clk 0:00:20]}  Kd7 {[%clk 0:00:47]} 82. Kf7 {[%clk 0:00:24]}  Kd6 {[%clk 0:00:51]} 83. h6 {[%clk 0:00:13]}  Kd7 {[%clk 0:00:54]} 84. Kg7 {[%clk 0:00:16]}  Ke7 {[%clk 0:00:58]} 85. Kxh7 {[%clk 0:00:20]}  Kf7 {[%clk 0:01:03]} 86. Kh8 {[%clk 0:00:23]}  Kf8 {[%clk 0:01:06]} 87. h7 {[%clk 0:00:27]} 1/2-1/2